تحميل...
Devabhoomiyiloode
| المؤلف الرئيسي: | |
|---|---|
| التنسيق: | Printed Book |
| اللغة: | English |
| منشور في: |
Thrissur
Current Books
2013
|
| LEADER | 00481nam a22001457a 4500 | ||
|---|---|---|---|
| 008 | 180612s9999 000 0 eng | ||
| 020 | |a 9788122611069 | ||
| 082 | |a 910 | ||
| 100 | |a Ramachandran,M K | ||
| 245 | |a Devabhoomiyiloode |c M.K.Ramachandran | ||
| 260 | |a Thrissur |b Current Books |c 2013 | ||
| 300 | |a 504p. |b PB | ||
| 942 | |2 ddc |c BK | ||
| 999 | |c 273165 |d 273165 | ||
| 952 | |0 0 |1 0 |4 0 |6 910_000000000000000_RAM_D |7 0 |9 307224 |a ASC |b ASC |c ST1 |d 2015-11-19 |l 0 |o 910 RAM/D |p ASC4037 |r 2018-08-20 |w 2018-08-20 |y BK | ||